00577cam a22001937a 4500003000500000005001700005008004100022010001000063011001000073035001000083040000900093082001500102110006800117245007000185260005800255300001100313650002500324650003400349CHAP20220329142330.0000727d1996 us rs 00110 eng d a81868 a82840 a93345 cCHAP04a630.83bE8 aE.U.A. Department of Agriculture. Agricultural Statistics Board10aFloriculture crops :b1995 summaryc/by Department of Agriculture aWashington, D.C. :bDepartment of Agriculture,c1996. a107 p.14aFloriculturaxE.U.A.14aFloriculturaxEstadísticas.